[Event "TCh-ESP Selecciones Autonomicas"]
[Site "Gijon ESP"]
[Date "2011.04.30"]
[Round "3.4"]
[White "Suarez Garcia,C"]
[Black "Galvan Prieto,A"]
[Result "1/2-1/2"]
[WhiteElo "2177"]
[BlackElo "1859"]

1.d4 e6 2.c4 Nf6 3.Nf3 d5 4.g3 Be7 5.Bg2 O-O 6.O-O c6 7.Qc2 Nbd7 8.Nbd2 b6
9.e4 dxe4 10.Nxe4 Nxe4 11.Qxe4 Bb7 12.Rd1 Nf6 13.Qe2 Rc8 14.Ne5 Nd7 15.d5 cxd5
16.cxd5 Nxe5 17.dxe6 Ba6 18.exf7+ Nxf7 19.Qg4 Rc4 20.Bf4 Qc8 21.Qd7 Bc5 22.Qxc8 Bxc8
23.Rd2 Bb4 24.Re2 Bg4 25.Re4 Rxe4 26.Bxe4 Re8 27.f3 Be6 28.Rc1 a5 29.a3 Bc5+
30.Kg2 Rd8 31.b4 axb4 32.axb4 Bd4 33.Re1 Bc4 34.Bc7 Rf8 35.f4 b5 36.Rd1 Bc3
37.Ba5 g5 38.fxg5 Nxg5 39.Bd5+ Kg7 40.h4 Bxd5+ 41.Rxd5 Ne4 42.Rxb5 Rf2+ 43.Kh3 Rf3
44.Kg4 Rxg3+ 45.Kf4 Nd6 46.Rc5 Rd3 47.Bc7 Bxb4 48.Rg5+ Kh6 49.Bxd6 Bxd6+
50.Ke4 Rh3 51.Rd5 Rxh4+ 52.Kf3 Be7 53.Rf5 Bg5 54.Re5 Kh5 55.Re2 h6 56.Kg3 Rc4
57.Rh2+ Bh4+ 58.Kf3 Rc3+ 59.Kf4 Rc1 60.Kf3 Rf1+ 61.Kg2 Rc1 62.Kf3 Rg1 63.Ra2 Rg5
64.Ra6 Rf5+ 65.Kg2 Bf6 66.Ra3 Kg6 67.Rf3 Rg5+ 68.Kh3 h5 69.Rg3  1/2-1/2

[Event "TCh-ESP Selecciones Autonomicas"]
[Site "Gijon ESP"]
[Date "2011.04.30"]
[Round "3.2"]
[White "Franco Alonso,A"]
[Black "Bolado Saez,S"]
[Result "1/2-1/2"]
[WhiteElo "2489"]
[BlackElo "2331"]

1.Nf3 Nf6 2.c4 e6 3.g3 d5 4.d4 Be7 5.Bg2 O-O 6.O-O dxc4 7.Qc2 b5 8.a4 c6
9.axb5 cxb5 10.Ng5 h6 11.Bxa8 hxg5 12.Rxa7 Nd5 13.Nc3 Nb4 14.Qe4 f5 15.Qg2 Bd7
16.Rd1 N8c6 17.Rxd7 Qxd7 18.Bxc6 Nxc6 19.Nxb5 Bf6 20.Nc3 Rd8 21.h3 Nxd4 22.e3 Ne2+
23.Kh2 Qxd1 24.Nxd1 Nxc1 25.Qc6 Kf7 26.Qc7+ Kg6 27.Nc3 Rd2 28.Qxc4 Rxf2+
29.Kh1 Rxb2 30.Qxe6 Ne2 31.Qe8+ Kh6 32.Nxe2 Rxe2 33.Qh8+ Kg6 34.Qe8+ Kh6
35.Qh8+ Kg6 36.g4 fxg4 37.Qe8+ Kh7 38.hxg4 Ra2 39.Qe4+ Kh8 40.Qd5 Ra7 41.Kg2 Re7
42.Qd8+ Kh7 43.Qd3+ Kg8 44.Kf3 Re5 45.Qc4+ Kf8 46.Ke2 Ke7 47.Kd3 Kd6 48.Qa6+ Ke7
49.e4 Kd7 50.Qb7+ Ke8 51.Qc6+  1/2-1/2

[Event "2nd Lille Open"]
[Site "Lille FRA"]
[Date "2011.04.30"]
[Round "8.1"]
[White "Korneev,O"]
[Black "Gharamian,T"]
[Result "1/2-1/2"]
[WhiteElo "2573"]
[BlackElo "2650"]

1.Nf3 Nf6 2.c4 e6 3.g3 d5 4.Bg2 Be7 5.d4 dxc4 6.O-O O-O 7.Qc2 a6 8.Qxc4 b5
9.Qc2 Bb7 10.Bd2 Be4 11.Qc1 Bb7 12.Qc2 Be4 13.Qc1 Bb7  1/2-1/2

[Event "14th Malaga Open"]
[Site "Malaga ESP"]
[Date "2011.05.01"]
[Round "4.10"]
[White "Iagar,R"]
[Black "Ladron de Guevara Pinto,P"]
[Result "1/2-1/2"]
[WhiteElo "2125"]
[BlackElo "2280"]

1.d4 e6 2.c4 Nf6 3.g3 d5 4.Nf3 Be7 5.Bg2 c6 6.O-O O-O 7.Qc2 b6 8.b3 Bb7 9.Bb2 Na6
10.Ne5 Rc8 11.Rd1 Qc7 12.cxd5 cxd5 13.Qxc7 Rxc7 14.Nc3 Rfc8 15.Rac1 Nb8 16.Nb1 Rc2
17.Rxc2 Rxc2 18.Rd2 Rc8 19.Na3 Ba6 20.e3 Kf8 21.Rc2 Rxc2 22.Nxc2 Nfd7 23.Nxd7+ Nxd7
24.Bf1 Bxf1 25.Kxf1 Nf6 26.f3 Ke8 27.Ke2 Kd7 28.Ne1 Ne8 29.Nd3 f6 30.Ne1 h5
31.Nc2 g5 32.Ba3 Bd6 33.Bxd6 Nxd6 34.Kd3 f5 35.Ne1 Ke7 36.Ke2 Nf7 37.Nd3 Kf6
38.h4 Kg6 39.Kf2  1/2-1/2

[Event "TCh-HUN 2010-11"]
[Site "Zalaegerszeg HUN"]
[Date "2011.05.01"]
[Round "10"]
[White "Juhasz,Kr"]
[Black "Szepes,T"]
[Result "1/2-1/2"]
[WhiteElo "2268"]
[BlackElo "2078"]

1.c4 Nf6 2.Nf3 e6 3.g3 d5 4.d4 Be7 5.Bg2 O-O 6.Nc3 dxc4 7.Ne5 Nc6 8.Bxc6 bxc6
9.Nxc6 Qe8 10.Nxe7+ Qxe7 11.Qa4 Bb7 12.O-O Bd5 13.Bg5 c5 14.Qa3 Qc7 15.dxc5 Rfc8
16.Bxf6 gxf6 17.Nxd5 exd5 18.Qf3 Qe5 19.Rad1 Rxc5 20.b4 cxb3 21.axb3 Re8
22.e3 Rb8 23.Qg4+ Kf8 24.b4 Rc4 25.Qd7 Qe6 26.Qxa7 Rcxb4 27.Qc5+ Kg7 28.Rxd5 Qh3
29.Rh5 Qe6 30.Rd1 Qg4 31.Rhd5 R8b5 32.Qd6 Rb1 33.Rd4 Qf3 34.h3 h5 35.Rd2 R5b2
36.Rxb2 Rxd1+ 37.Qxd1 Qxd1+ 38.Kg2 Kg6 39.Rb4 Qd5+ 40.Kg1 Qd1+  1/2-1/2

[Event "TCh-ESP Selecciones Autonomicas"]
[Site "Gijon ESP"]
[Date "2011.05.02"]
[Round "6.2"]
[White "Franco Alonso,A"]
[Black "Barcelo Pujadas,P"]
[Result "1-0"]
[WhiteElo "2489"]
[BlackElo "2257"]

1.Nf3 Nf6 2.c4 e6 3.g3 d5 4.d4 Be7 5.Bg2 O-O 6.O-O Nbd7 7.Qc2 c6 8.Nbd2 b6
9.e4 Bb7 10.e5 Ne8 11.cxd5 cxd5 12.Re1 Rc8 13.Qd3 Nc7 14.Nf1 Ba6 15.Qd1 b5
16.h4 Na8 17.Ng5 Bb4 18.Re3 h6 19.Nh3 Qc7 20.Qg4 Qxc1 21.Rxc1 Rxc1 22.Nf4 Bd2
23.Nxe6 fxe6 24.Qxe6+ Kh8 25.Re2 Nc7 26.Qxd7 Bb4 27.Qg4 Bc8 28.e6 Rf6 29.Re3 Bxe6
30.Qe2 Be1 31.Qxe1 Rxe1 32.Rxe1 Kg8 33.Ne3 Bf7 34.Rc1 Ne8 35.Nxd5 Rd6 36.Rc5 a6
37.a3 Kf8 38.f4 Bxd5 39.Rxd5 Rxd5 40.Bxd5 Nd6 41.b4 Nf5 42.Bb7 Nxg3 43.Bxa6 Ne2+
44.Kf2 Nxd4 45.Ke3 Nc2+ 46.Ke4 Nxa3 47.Kd5 Ke7 48.Kc5 Kf6 49.Bxb5 Kf5 50.h5 Kxf4
51.Bd3 Ke5 52.Bg6 Kf6 53.b5 Nxb5 54.Kxb5 Ke7 55.Kc5 Kf8 56.Kd6 Kg8 57.Ke7  1-0

[Event "NK Jeugd A"]
[Site "Haarlem NED"]
[Date "2011.05.02"]
[Round "3"]
[White "Ten Hagen,Y"]
[Black "Mostertman,M"]
[Result "1/2-1/2"]
[WhiteElo "2214"]
[BlackElo "2206"]

1.d4 Nf6 2.c4 e6 3.g3 d5 4.Nf3 Be7 5.Bg2 O-O 6.O-O dxc4 7.Qc2 a6 8.Qxc4 b5
9.Qc2 Bb7 10.Bd2 Be4 11.Qc1 Bb7 12.Qc2 Be4 13.Qc1 Bb7 14.Bf4 Bd6 15.Nbd2 Bxf4
16.gxf4 Qd6 17.e3 Nbd7 18.Nb3 Rac8 19.Rd1 Bd5 20.Nc5 Qc6 21.Nxd7 Qxd7 22.b4 Qd6
23.Qb2 Nd7 24.Re1 Qc6 25.Qe2 Be4 26.Rec1 Qd5 27.a4 c6 28.a5 f6 29.Ne1 Bxg2
30.Nxg2 e5 31.Rd1 e4 32.Rac1 f5 33.Rc3 Rf6 34.Qc2 Rh6 35.Rc1 Kf7 36.Qb3 Qxb3
37.Rxb3 Nf6 38.Rc5 Nd5  1/2-1/2

[Event "13th Salou Open"]
[Site "Salou ESP"]
[Date "2011.05.04"]
[Round "1"]
[White "Maze,S"]
[Black "Caballero Gomez Casero,E"]
[Result "1-0"]
[WhiteElo "2571"]
[BlackElo "1881"]

1.d4 d5 2.c4 e6 3.Nf3 Nf6 4.g3 Be7 5.Bg2 O-O 6.O-O c6 7.Nc3 Nbd7 8.Qc2 h6
9.Bf4 Nh5 10.Bd2 Nb6 11.c5 Nd7 12.b4 b6 13.e4 Ba6 14.Rfe1 Nhf6 15.e5 Nh7
16.h4 g5 17.h5 Kh8 18.a4 f5 19.exf6 Rxf6 20.Nh2 Qe8 21.b5 Bb7 22.bxc6 Bxc6
23.Ng4 Qxh5 24.Nxf6 Bxf6 25.Rxe6 bxc5 26.Rxc6 cxd4 27.Nxd5  1-0

[Event "13th Salou Open"]
[Site "Salou ESP"]
[Date "2011.05.06"]
[Round "3"]
[White "Maze,S"]
[Black "Del Rio de Angelis,S"]
[Result "1/2-1/2"]
[WhiteElo "2571"]
[BlackElo "2508"]

1.d4 e6 2.c4 d5 3.Nf3 Nf6 4.g3 Be7 5.Bg2 O-O 6.O-O c6 7.Qc2 b6 8.Rd1 Nbd7
9.Bf4 Nh5 10.Nbd2 Nxf4 11.gxf4 Bb7 12.a3 c5 13.cxd5 exd5 14.Ne5 Nf6 15.dxc5 Bxc5
16.e3 Qe7 17.Ndf3 Rac8 18.Qa4 a6 19.Nd4 g6 20.Rac1 b5 21.Qb3 Bxd4 22.Rxc8 Rxc8
23.Rxd4 Kg7 24.Rd1 Rc7 25.Qd3 Qc5 26.Bf3  1/2-1/2

[Event "TCh-SVK Extraliga 2010-11"]
[Site "Slovakia SVK"]
[Date "2011.05.06"]
[Round "9"]
[White "Chytilek,R"]
[Black "Csonka,A1"]
[Result "1/2-1/2"]
[WhiteElo "2366"]
[BlackElo "2378"]

1.d4 Nf6 2.c4 e6 3.Nf3 d5 4.g3 Be7 5.Bg2 O-O 6.Qc2 Nbd7 7.O-O c6 8.Rd1 b6
9.Ne5 Nxe5 10.dxe5 Ng4 11.cxd5 cxd5 12.Nc3 Bc5 13.Ne4 Qc7 14.Nxc5 bxc5 15.e4  1/2-1/2

[Event "ch-UKR semi-final"]
[Site "Alushta UKR"]
[Date "2011.05.07"]
[Round "5.53"]
[White "Kigel,D"]
[Black "Goroshkova,L"]
[Result "1/2-1/2"]
[WhiteElo "2198"]
[BlackElo "1990"]

1.d4 d5 2.c4 e6 3.Nf3 Nf6 4.g3 Be7 5.Bg2 O-O 6.O-O Nbd7 7.Qc2 c5 8.Rd1 Qb6
9.Nbd2 cxd4 10.cxd5 d3 11.Qxd3 Nc5 12.Qc2 exd5 13.Nd4 Re8 14.N2b3 Bg4 15.Be3 Nxb3
16.Nxb3 Qa6 17.Nd4 Rac8 18.Qd3 Qxd3 19.Rxd3 Bc5 20.Re1 Bb6 21.h3 Bh5 22.Nf5 Bg6
23.Nd6 Bxd3 24.Nxc8 Bxe3 25.exd3 Bxf2+ 26.Kxf2 Rxc8 27.Re7 Rc2+ 28.Kg1 Rxb2
29.Bxd5 h6 30.Rxb7 Rxb7 31.Bxb7 Kf8 32.Kf2  1/2-1/2

[Event "13th Salou Open"]
[Site "Salou ESP"]
[Date "2011.05.07"]
[Round "4"]
[White "Hernandez Carmenates,Hold"]
[Black "Maze,S"]
[Result "1-0"]
[WhiteElo "2558"]
[BlackElo "2571"]

1.Nf3 Nf6 2.c4 e6 3.g3 d5 4.d4 Be7 5.Bg2 O-O 6.O-O dxc4 7.Qc2 b5 8.a4 b4
9.Nbd2 Bb7 10.Rd1 a5 11.Nxc4 Be4 12.Qb3 Qd5 13.Ne1 Bxg2 14.Nxg2 Nbd7 15.Nf4 Qb7
16.Be3 Nd5 17.Nxd5 exd5 18.Ne5 Nb6 19.Rac1 Bd6 20.Bf4 Rfe8 21.Qc2 Rac8 22.Nd3 Bf8
23.Nc5 Qa7 24.b3 c6 25.Qd3 Ra8 26.Qf3 Nd7 27.Nd3 Re6 28.e3 Nf6 29.Be5 Ne4
30.Nf4 Rh6 31.Nxd5 cxd5 32.Rc7 Qxc7 33.Bxc7 Rf6 34.Qh5 Rc8 35.Bf4 Rc2 36.Rf1 Nc3
37.e4 g6 38.Qg5 Re6 39.exd5 Be7 40.Qg4 Nxd5 41.Qf3 Nxf4 42.Qxf4 Bd6 43.Qg5 Rc3
44.Qxa5 Kg7 45.Qd5 Be7 46.a5 Bf6 47.Ra1 Rd3 48.a6 Bxd4 49.Kh1 Re2 50.a7 Rxf2
51.a8=Q Rdd2 52.Qxd4+ Rxd4 53.Kg1 Rf5 54.Qb8 Re4 55.Ra8 Kh6 56.Qf8+ Kh5 57.Ra2 h6
58.Kg2  1-0

[Event "ch-Euro Indiv Women"]
[Site "Tbilisi GEO"]
[Date "2011.05.07"]
[Round "1"]
[White "Khotenashvili,B"]
[Black "Fakhiridou,E"]
[Result "1-0"]
[WhiteElo "2470"]
[BlackElo "2225"]

1.Nf3 Nf6 2.d4 e6 3.c4 d5 4.g3 Be7 5.Bg2 c6 6.Nc3 O-O 7.O-O Nbd7 8.Bf4 b6
9.Ne5 Nxe5 10.dxe5 Nd7 11.cxd5 exd5 12.e4 d4 13.Qxd4 g5 14.Be3 Nxe5 15.Rad1 Qc7
16.Qa4 Be6 17.Qc2 Bc4 18.Rfe1 Rad8 19.b3 Ba6 20.Nd5 Qb7 21.Nxe7+ Qxe7 22.Rxd8 Rxd8
23.h3 c5 24.f4 Nd3 25.Rd1 Nb4 26.Rxd8+ Qxd8 27.Qb2 Qd3 28.Bd2 Nc2 29.Qc3 gxf4
30.gxf4 Nd4 31.Qxd3 Bxd3 32.Be3 Nc2 33.Bd2 Nd4 34.Be3 Nc2 35.Kf2 Nb4 36.a3 Nc2
37.Bc1 Na1 38.b4 Nb3 39.Bb2 a5 40.Ke3 Bb5 41.bxc5 bxc5 42.e5 a4 43.Bc3 Nc1
44.Bf3 Nd3 45.f5 c4 46.Kd4 Kf8 47.h4 Ke8 48.h5 Nf4 49.h6 Bd7 50.f6 Bb5 51.Ke4  1-0

[Event "2nd SP Masters Blitz"]
[Site "Sao Paulo BRA"]
[Date "2011.05.10"]
[Round "4.2"]
[White "Matsuura,E"]
[Black "Fier,A"]
[Result "0-1"]
[WhiteElo "2480"]
[BlackElo "2560"]

1.d4 d5 2.c4 e6 3.Nf3 Nf6 4.g3 Be7 5.Bg2 O-O 6.Qc2 c6 7.O-O Nbd7 8.Nbd2 b6
9.e4 Ba6 10.e5 Ne8 11.Re1 Rc8 12.cxd5 cxd5 13.Qa4 Nc7 14.Nf1 Bb5 15.Qd1 Na6
16.a3 Bxf1 17.Bxf1 Nab8 18.Bd3 Re8 19.h4 Nf8 20.Ng5 Nc6 21.Be3 Qd7 22.Qh5 Bxg5
23.hxg5 Ne7 24.f4 Nf5 25.Bf2 Qa4 26.Qd1 Qd7 27.g4 Ne7 28.Kg2 Rc4 29.Be3 Rec8
30.Rf1 Nfg6 31.Kg3 Nc6 32.Rh1 Nf8 33.Qd2 g6 34.Raf1 Rxd4 35.Bxd4 Nxd4 36.Qh2 Qa4
37.Rd1 Qb3  0-1

[Event "Sean Reader Memorial"]
[Site "Los Angeles USA"]
[Date "2011.05.12"]
[Round "3"]
[White "Troff,Kayden W"]
[Black "Kavutskiy,K"]
[Result "1/2-1/2"]
[WhiteElo "2255"]
[BlackElo "2190"]

1.d4 e6 2.c4 Nf6 3.Nf3 d5 4.g3 Be7 5.Bg2 O-O 6.O-O dxc4 7.Qc2 a6 8.a4 Nbd7
9.Qxc4 b5 10.Qc2 Bb7 11.axb5 axb5 12.Rxa8 Qxa8 13.Bg5 Rc8 14.Qb3 b4 15.Ne1 Bxg2
16.Nxg2 c5 17.dxc5 Bxc5 18.Nd2 Qa6 19.Nf4 Bf8 20.Nd3 Qb5 21.Nf3 Ne4 22.Be3 Nec5
23.Qxb4 Qxb4 24.Nxb4 Rb8 25.Bd2 Na4 26.b3 Nac5 27.Rb1 Ra8 28.Nd3 Nxd3 29.exd3 Nc5
30.d4 Ne4 31.Be1 Rb8 32.Kf1 Bb4 33.Bxb4 Rxb4 34.Rb2 Kf8 35.Ke2 Nc3+ 36.Kd2 Nd5
37.Kd3 f6 38.Ne1 Ke7 39.Nc2 Rb7 40.b4 Kd7 41.Ne3 Rxb4 42.Rxb4 Nxb4+ 43.Kc4 Nc6
44.Kc5 Ne7 45.h4 Nc8 46.Nc4 Kc7 47.h5 Ne7 48.Ne3 Kd7 49.f3 Ng8 50.Nc4 g6
51.hxg6 hxg6 52.g4 g5 53.Ne3 Ne7 54.Kc4 Kd6 55.Kd3 Ng6 56.Ng2 Kd5 57.Ne3+ Kd6
58.Ng2 Kd5 59.Ne3+ Kd6  1/2-1/2

[Event "46th Capablanca Memorial Open B"]
[Site "Havana CUB"]
[Date "2011.05.14"]
[Round "4.27"]
[White "Cabrera Ladron de Guevara,M"]
[Black "Hedman Senarega,J"]
[Result "0-1"]
[WhiteElo "2022"]
[BlackElo "2204"]

1.d4 Nf6 2.c4 e6 3.Nf3 d5 4.g3 Be7 5.Bg2 O-O 6.O-O c5 7.Qc2 cxd4 8.Nxd4 Nc6
9.Rd1 Qb6 10.e3 Bd7 11.b3 Nxd4 12.Rxd4 Rac8 13.Ba3 Bxa3 14.Nxa3 Qa5 15.Qb2 Rfd8
16.Rad1 Bc6 17.cxd5 Bxd5 18.Bxd5 exd5 19.Ra4 Qc5 20.Qd4 a6 21.Qxc5 Rxc5 22.Rb4 b5
23.Rbd4 Rdc8 24.Kg2 Kf8 25.Nb1 Rc2 26.a4 Ne4 27.Rf1 Rb2 28.axb5 axb5 29.Rxd5 Rcc2
30.Kf3 Nxf2 31.Rxb5 g6 32.Na3 Rc6 33.Nc4 Rf6+ 34.Kg2 Re2 35.Ra1 Ng4+ 36.Kg1 Rff2  0-1

[Event "TCh-HUN 2010-11"]
[Site "Mako HUN"]
[Date "2011.05.15"]
[Round "11"]
[White "Juhasz,Kr"]
[Black "Nagy,Danie"]
[Result "1-0"]
[WhiteElo "2268"]
[BlackElo "2309"]

1.d4 Nf6 2.c4 e6 3.Nf3 d5 4.g3 Be7 5.Bg2 O-O 6.Nc3 c6 7.O-O Nbd7 8.Qd3 b6
9.Rd1 Ba6 10.b3 Rc8 11.e4 c5 12.exd5 exd5 13.dxc5 dxc4 14.bxc4 Qc7 15.Nb5 Bxb5
16.cxb5 Nxc5 17.Qf1 Nfe4 18.Bf4 Bd6 19.Bxd6 Nxd6 20.Rac1 Nde4 21.Nd4 Rce8
22.Qc4 Qe7 23.Nc6 Qf6 24.Qd4 a5 25.Qxf6 Nxf6 26.Nxa5 Re2 27.Nc4 Rxa2 28.Nxb6 Nfe4
29.Bxe4 Nxe4 30.Nd7 Re8 31.Re1 f5 32.b6 Rb2 33.Rb1  1-0

[Event "ch-Catalan KO"]
[Site "Sabadell ESP"]
[Date "2011.05.15"]
[Round "1.2"]
[White "Arias Boo,G"]
[Black "Fluvia Poyatos,Joa"]
[Result "0-1"]
[WhiteElo "2323"]
[BlackElo "2472"]

1.d4 Nf6 2.c4 e6 3.g3 d5 4.Nf3 Be7 5.Bg2 O-O 6.O-O dxc4 7.Qc2 a6 8.Qxc4 b5
9.Qc2 Bb7 10.Bd2 Be4 11.Qc1 Nc6 12.Be3 Nb4 13.Nbd2 Bd5 14.a3 Nc6 15.Qc2 Ng4
16.Bf4 Nxd4 17.Nxd4 Bxg2 18.Kxg2 Qxd4 19.Nf3 Qa7 20.Qxc7 Qxc7 21.Bxc7 Rfc8
22.Rac1 Bf6 23.h3 Bxb2 24.hxg4 Bxc1 25.Rxc1 Ra7 26.Bf4 Rxc1 27.Bxc1 Rc7 28.Bd2 Rc4
29.g5 Ra4 30.Bb4 a5 31.Bd6 f6 32.e3 e5 33.Nd2 Kf7 34.Kf3 fxg5 35.g4 Ke6 36.Bf8 Kd5
37.e4+ Kd4 38.Ke2 g6 39.Bd6 h5 40.f3 h4 41.Nb3+ Kc3 42.Nd2 Kc2 43.Nf1 Kb3
44.Nd2+ Kc2 45.Nf1 h3 46.Kf2 Kd3 47.Kg3 Ke2 48.Nh2 Rd4 49.Bc5 Rc4 50.Bd6 b4
51.axb4 axb4 52.Bxe5 b3 53.Kxh3 Rc2 54.Kg2 b2 55.Bxb2 Rxb2 56.Kg3 Rb1 57.Kg2 Ke3
58.Nf1+ Kf4 59.Nh2 Rb2+  0-1

[Event "ch-Catalan KO"]
[Site "Sabadell ESP"]
[Date "2011.05.15"]
[Round "1.2"]
[White "Romero Holmes,A"]
[Black "Ramon Solans,A"]
[Result "1-0"]
[WhiteElo "2491"]
[BlackElo "2274"]

1.d4 Nf6 2.c4 e6 3.g3 d5 4.Bg2 Be7 5.Nf3 O-O 6.Nbd2 b6 7.cxd5 exd5 8.O-O Bb7
9.Ne5 Nbd7 10.Ndc4 c6 11.Nxd7 Nxd7 12.Ne3 Re8 13.Ng4 Bd6 14.Re1 f5 15.Ne3 Rf8
16.Bh3 f4 17.Nf5 fxg3 18.hxg3 Nf6 19.Nxd6 Qxd6 20.Bf4 Qe7 21.Be5 Bc8 22.Bg2 Ng4
23.f4 Ne3 24.Qc1 Nxg2 25.Kxg2 Bf5 26.Qxc6 Be4+ 27.Kf2 Rac8 28.Qd6 Qxd6 29.Bxd6 Rf6
30.Be5 Rg6 31.a4 a6 32.Ra3 h5 33.Rb3 Rc4 34.Ra1 Rc2 35.Rg1 Rc4 36.g4 hxg4
37.Rbg3 Rxa4 38.Rxg4 Rxg4 39.Rxg4 g6 40.Rg3 Rc4 41.Rb3 b5 42.Ra3 Ra4 43.Rh3 Ra2
44.b4 a5 45.bxa5 Rxa5 46.Rh8+ Kf7 47.Rb8 Ke6 48.Rb6+ Kd7 49.Kg3 Ra2 50.Kh4 Rxe2
51.Kg5 Rc2 52.Rxb5 Rc6 53.Rb7+ Kc8 54.Rg7 Ra6 55.Kh6 Re6 56.Ra7 Rc6 57.Rf7 Ra6
58.Kg7 Rc6 59.Kf8 Rc2 60.Ra7 Rc4 61.Ke7 Rc6 62.Bd6 Bf5 63.Ra5 Rb6 64.Rxd5 Rb7+
65.Kf6 Rd7 66.Ke5 Kb7 67.Rb5+ Kc6 68.Rc5+ Kb6 69.Rc3 Kb5 70.Rc5+ Kb6 71.Rc4 Rf7
72.d5 Rd7 73.Rb4+ Ka5 74.Rb8 Ka6 75.Rb2 Rb7 76.Ra2+ Kb5 77.Kd4 Rd7 78.Rb2+ Ka6
79.Kc5 Ra7 80.Bb8 Rf7 81.Ra2+  1-0

[Event "Serbian Cup 2011"]
[Site "Valjevo SRB"]
[Date "2011.05.17"]
[Round "2.2"]
[White "Tadic,Br"]
[Black "Trickovic,B"]
[Result "1/2-1/2"]
[WhiteElo "2493"]
[BlackElo "2246"]

1.Nf3 d5 2.d4 e6 3.g3 Nf6 4.Bg2 Be7 5.c4 O-O 6.O-O dxc4 7.Qc2 a6 8.Qxc4 b5
9.Qc2 Bb7 10.Bd2 Be4 11.Qc1 Bb7 12.Rd1 Qc8 13.Bg5 Nbd7 14.Ne5 Bxg2 15.Kxg2 c5
16.Nxd7 Qxd7 17.dxc5 Qc6+ 18.f3 Qxc5 19.Qxc5 Bxc5 20.Nc3 Rfd8 21.Rxd8+ Rxd8
22.Ne4 Be7 23.Rc1 h6 24.Bxf6 gxf6 25.Rc7 Kf8 26.g4 f5 27.gxf5 exf5 28.Ng3 Bd6
29.Rc2 Bxg3 30.Kxg3 Kg7 31.Kf4 Rd5 32.e3 a5 33.h4 b4 34.b3 Rb5 35.Rc6 Rd5
36.Rc2 Rb5 37.Kg3 Rd5 38.f4 Kg6 39.Kf3 Kf6 40.Ke2 Kg6 41.Rc6+ Kg7 42.h5 Kh7
43.Rc4 Kg7 44.Rd4 Rc5 45.Kd2 Kf6 46.Rd6+ Kg7 47.Ra6 Rd5+ 48.Kc2 Kh7 49.Rf6 Kg7
50.Rc6 Kh7 51.Rc4 Kg7 52.a3 bxa3 53.Ra4 Kf6 54.Rxa3 Ke6 55.Ra4 Rc5+ 56.Kd3 Kd5
57.Ra1 Rb5 58.Rd1 Rb6 59.Ke2+ Ke6 60.Rd3 Rb4 61.Rc3 Kf6 62.Kd3 a4 63.Rc6+ Kg7
64.bxa4 Rxa4 65.Rc4 Ra3+ 66.Kd4 Rb3 67.Rc3 Rb4+ 68.Kd5 Rb5+ 69.Kd6 Kf6 70.Rc6 Rb3
71.Kd5+ Kg7 72.Kd4 Rb4+ 73.Rc4 Rb3 74.Rc3 Rb4+ 75.Kd3 Kf6 76.Rc6+ Kg7 77.Rd6 Ra4
78.Rb6 Ra3+ 79.Kd4 Ra4+ 80.Kd3 Ra3+ 81.Ke2 Ra2+ 82.Kf3 Rc2  1/2-1/2

[Event "4th Beirut Open"]
[Site "Beirut LIB"]
[Date "2011.05.18"]
[Round "6.1"]
[White "Stupak,K"]
[Black "Barsov,A"]
[Result "1/2-1/2"]
[WhiteElo "2527"]
[BlackElo "2521"]

1.d4 d5 2.Nf3 Nf6 3.c4 e6 4.g3 Be7 5.Bg2 O-O 6.O-O dxc4 7.Ne5 Nc6 8.Bxc6 bxc6
9.Nxc6 Qe8 10.Nxe7+ Qxe7 11.Qa4 e5 12.dxe5 Qxe5 13.Qxc4 Be6 14.Qc2 Bf5 15.Qc4 Be6
16.Qd3 Rad8 17.Qe3 Qh5 18.f3 Bc4 19.Nc3 Rfe8 20.Qg5 Qh3 21.Be3 Bxe2 22.Nxe2 Rd5
23.Qf4 Rde5 24.Bxa7 Rxe2 25.Bf2 Rxb2 26.Qxc7 h6 27.Qd6 Rbe2 28.Qf4 R8e4 29.Qb8+ Re8
30.Qc7 R8e7 31.Qf4 R7e4 32.Qb8+ Re8 33.Qf4 R8e4  1/2-1/2

[Event "20th Croatian Cup"]
[Site "Sibenik CRO"]
[Date "2011.05.18"]
[Round "1.23"]
[White "Saric,A"]
[Black "Martinus,T"]
[Result "1-0"]
[WhiteElo "2489"]
[BlackElo "2191"]

1.c4 e6 2.g3 Nf6 3.Bg2 d5 4.Nf3 Be7 5.d4 O-O 6.O-O b6 7.cxd5 exd5 8.Nc3 Bb7
9.Ne5 c5 10.dxc5 bxc5 11.Bg5 Na6 12.Nc4 Rb8 13.Bxf6 Bxf6 14.Nxd5 Bxd5 15.Bxd5 Bxb2
16.Rb1 Bd4 17.Rxb8 Qxb8 18.e3 Bf6 19.Nd6 Qc7 20.Nxf7 Rxf7 21.Qa4 Qc8 22.Qc4 Qd7
23.Bxf7+ Qxf7 24.Qxa6 Qc7 25.Rc1 h6 26.Qc4+ Kh8 27.Qxc5 Qf7 28.Qf5  1-0

[Event "zt 2.5"]
[Site "Asuncion PAR"]
[Date "2011.05.19"]
[Round "4"]
[White "Toniutti,E"]
[Black "Avalos Parra,J"]
[Result "1/2-1/2"]
[WhiteElo "2133"]
[BlackElo "2251"]

1.d4 Nf6 2.c4 e6 3.g3 d5 4.Bg2 Be7 5.Nf3 O-O 6.O-O dxc4 7.Qc2 a6 8.a4 Nbd7
9.Bf4 Nd5 10.Nbd2 b6 11.Nxc4 Nxf4 12.gxf4 Bb7 13.Rac1 Nf6 14.Nce5 Nd5 15.e3 c5
16.dxc5 bxc5 17.Rfd1 Qa5 18.Qb3 Qc7 19.e4 Nxf4 20.Rd7 Ne2+ 21.Kh1 Nxc1 22.Rxc7 Nxb3
23.Rxb7 Bf6 24.Rxb3 Rab8 25.Rxb8 Rxb8 26.Bf1 Rxb2 27.Bxa6 Rxf2 28.a5 Bd8
29.Bc4 Bxa5 30.Ng5 Kf8 31.Nxh7+ Ke8 32.Ng5 Bc7 33.Nexf7 Rxf7 34.Nxf7 Kxf7
35.Kg2 Kf6 36.h3 Ke5 37.Kf3 Ba5 38.Bb3 Bd2 39.Bc4 Kd6 40.Bb3 e5 41.Ke2  1/2-1/2

[Event "XXVI Felix Cup"]
[Site "Baile Felix ROU"]
[Date "2011.05.20"]
[Round "1.2"]
[White "Cioara,A"]
[Black "Paul,Marius-Adrian"]
[Result "1-0"]
[WhiteElo "2427"]
[BlackElo "1820"]

1.d4 d5 2.c4 e6 3.g3 Nf6 4.Nf3 Be7 5.Bg2 h6 6.O-O O-O 7.Nc3 c6 8.Bf4 Nbd7
9.Qc2 Re8 10.Rfd1 Bf8 11.Ne5 Nxe5 12.dxe5 Nd7 13.cxd5 exd5 14.e4 Nxe5 15.exd5 Qf6
16.dxc6 Nxc6 17.Nd5 Qf5 18.Qxf5 Bxf5 19.Nc7 Rad8 20.Nxe8 Rxe8 21.Re1 Rc8
22.Rac1 Bb4 23.Red1 Re8 24.a3 Ba5 25.Be3 Bg4 26.Rd5 Be6 27.Rb5 Bb6 28.Bxb6 axb6
29.Rxb6 Bc8 30.Bxc6 bxc6 31.Rb8 Bd7 32.Rxe8+ Bxe8 33.a4 Kf8 34.a5  1-0

[Event "Serbian Cup 2011"]
[Site "Valjevo SRB"]
[Date "2011.05.21"]
[Round "6.1"]
[White "Bogosavljevic,B"]
[Black "Miladinovic,I"]
[Result "1/2-1/2"]
[WhiteElo "2550"]
[BlackElo "2561"]

1.d4 d5 2.c4 e6 3.Nf3 Nf6 4.g3 Be7 5.Bg2 O-O 6.O-O Nbd7 7.Qc2 c6 8.Rd1 b6
9.b3 Ba6 10.Nbd2 Rc8 11.e4 c5 12.exd5 exd5 13.Bb2 Bb7 14.Rac1 dxc4 15.Qxc4 cxd4
16.Qxd4 Rxc1 17.Rxc1 Nc5 18.Ne5 Bxg2 19.Kxg2 Qa8+ 20.Ndf3 Nce4 21.Nc6 Bc5
22.Qa4 a6  1/2-1/2

[Event "XX Guillermo Garcia Mem Talents"]
[Site "Santa Clara CUB"]
[Date "2011.05.24"]
[Round "2.2"]
[White "Garcia Matos,R"]
[Black "Ochoa de la Rosa,M"]
[Result "1-0"]
[WhiteElo "2196"]
[BlackElo "2149"]

1.Nf3 d5 2.d4 e6 3.c4 Nf6 4.g3 Be7 5.Bg2 O-O 6.Nbd2 c6 7.O-O Nbd7 8.b3 b6
9.Bb2 Ba6 10.Rc1 Rc8 11.Re1 b5 12.c5 b4 13.a3 bxa3 14.Bc3 Bb5 15.Qc2 Qc7
16.b4 Qb8 17.Ra1 Bd8 18.Rxa3 Bc7 19.Qb2 Rce8 20.e3 a6 21.Rea1 Qb7 22.R1a2 Nb8
23.Ne5 Nfd7 24.Nxd7 Nxd7 25.Bf1 Bxf1 26.Nxf1 Nb8 27.Ra1 f5 28.f4 Rf7 29.Qe2 Ree7
30.Nd2 Qc8 31.Nf3 h6 32.Kh1 g6 33.Rg1 Rg7 34.g4 Qe8 35.Be1 g5 36.fxg5 hxg5
37.Bg3 Bxg3 38.Rxg3 fxg4 39.Ne5 Rb7 40.Ra1 Qh5 41.Rf1 Rxb4 42.Nxg4 Nd7 43.Qxa6 Rf7
44.Qc8+ Kg7 45.Rfg1 Qg6 46.Qxc6 Qe4+ 47.R3g2 Rb2 48.h3 Nf8 49.Kh2 Rxg2+ 50.Rxg2 Ng6
51.Qd6 Nh4 52.Qe5+ Qxe5+ 53.Nxe5 Ra7 54.Rb2 Nf5 55.c6 Nd6 56.Rb8 Kf6 57.Rd8 Ke7
58.Rg8 Kf6 59.Rf8+ Kg7 60.Rd8 Ra2+ 61.Kg1 Nb5 62.c7  1-0

[Event "Zonal 3.3 Women"]
[Site "Tagaytay City PHI"]
[Date "2011.05.25"]
[Round "2"]
[White "Enkhtuul,A"]
[Black "Nguyen Thi Mai Hung"]
[Result "1/2-1/2"]
[WhiteElo "2154"]
[BlackElo "2309"]

1.d4 d5 2.c4 e6 3.Nf3 Nf6 4.g3 Be7 5.Bg2 O-O 6.O-O b6 7.Qc2 Bb7 8.Rd1 dxc4
9.Qxc4 c5 10.Nc3 Qc8 11.Bg5 cxd4 12.Qxc8 Rxc8 13.Nxd4 Bxg2 14.Kxg2 Nc6 15.Nxc6 Rxc6
16.Rac1 Rac8 17.Nb5 a6 18.Nd4 Rxc1 19.Rxc1 Rxc1 20.Bxc1 Kf8 21.h3 Nd5 22.Nc2 f5
23.Kf3 Bc5 24.Be3 Nxe3 25.Nxe3 Kf7 26.Nc4 Kf6 27.e3 e5 28.a3 b5 29.Nd2 e4+
30.Ke2 Ke5 31.h4 Kd5 32.Kd1 g6 33.Nb1 h6 34.Nc3+ Ke5 35.Ne2 g5 36.hxg5 hxg5
37.Kc2 Bb6 38.Kd1 Kd5 39.Nc3+ Ke5 40.Ke2  1/2-1/2

[Event "Zonal 3.3 Women"]
[Site "Tagaytay City PHI"]
[Date "2011.05.25"]
[Round "3"]
[White "Jose,Ru"]
[Black "Bernales,C"]
[Result "0-1"]
[WhiteElo "2071"]
[BlackElo "2015"]

1.d4 Nf6 2.c4 e6 3.g3 d5 4.Bg2 Be7 5.Nf3 O-O 6.Nbd2 Nbd7 7.O-O c5 8.a3 b6
9.b3 Bb7 10.Bb2 Rc8 11.Re1 Ne4 12.e3 f5 13.Rc1 Kh8 14.cxd5 exd5 15.Qe2 Bf6
16.Bh3 g6 17.Nxe4 dxe4 18.Ne5 Nxe5 19.dxe5 Bg7 20.Rcd1 Qe7 21.Qc4 Rfd8 22.Qc3 Qe6
23.Bf1 Bd5 24.Bc4 Rb8 25.a4 Bxc4 26.Qxc4 Qxc4 27.bxc4 Rxd1 28.Rxd1 a6 29.Rd6 Kg8
30.Bc3 Kf8 31.Kg2 Kf7 32.g4 Rb7 33.gxf5 gxf5 34.Kg3 b5  0-1

[Event "Chicago Open"]
[Site "Wheeling USA"]
[Date "2011.05.26"]
[Round "1"]
[White "Ramirez,Alej"]
[Black "Aung Thant Zin"]
[Result "1-0"]
[WhiteElo "2579"]
[BlackElo "2295"]

1.d4 Nf6 2.c4 e6 3.g3 d5 4.Nf3 Be7 5.Bg2 O-O 6.Nbd2 b6 7.cxd5 exd5 8.O-O Bb7
9.Ne5 Nbd7 10.Ndf3 Ne4 11.Bf4 Nxe5 12.Nxe5 Bd6 13.Rc1 Qe8 14.Nd3 Bxf4 15.Nxf4 Qd7
16.Qc2 Rac8 17.Rfe1 f5 18.b4 Kh8 19.Qb3 g5 20.Nd3 Qg7 21.Ne5 c6 22.Rc2 Rc7
23.Rec1 Rfc8 24.Qf3 c5 25.bxc5 bxc5 26.Qa3 c4 27.Qxa7 Bc6 28.Qa6 Bb7 29.Qa5 Ba8
30.Rb1 Ra7 31.Qe1 Ra6 32.Qc1 h6 33.Qb2 Qa7 34.e3 Nd6 35.Qb4 Kg7 36.a4 Rc7
37.Qa3 Kf6 38.Rcb2 Ke6 39.Rb4 Rb7 40.Bf3 Rxa4 41.Rxa4 Rxb1+ 42.Kg2 Qb7 43.Rxa8 g4
44.Nxg4 Rb3 45.Qa5 fxg4 46.Bxg4+ Kf6 47.Ra6  1-0